Euthyphro, Apology, Crito (Record no. 57383)
[ view plain ]
| 000 -LEADER | |
|---|---|
| fixed length control field | 00485nam a2200205Ia 4500 |
| 003 - CONTROL NUMBER IDENTIFIER | |
| control field | 0100 |
| 008 - FIXED-LENGTH DATA ELEMENTS--GENERAL INFORMATION | |
| fixed length control field | 130303s9999 xx 000 0 und d |
| 040 ## - CATALOGING SOURCE | |
| Transcribing agency | ARRUPELIB |
| 050 ## - LIBRARY OF CONGRESS CALL NUMBER | |
| Classification number | B365.A5C5 1948 |
| 300 ## - PHYSICAL DESCRIPTION | |
| Other physical details | 70p. 21cm. |
| 100 ## - MAIN ENTRY--PERSONAL NAME | |
| Personal name | Plato |
| 245 ## - TITLE STATEMENT | |
| Title | Euthyphro, Apology, Crito |
| 245 ## - TITLE STATEMENT | |
| Remainder of title | Phaedo the death scene |
| 260 ## - PUBLICATION, DISTRIBUTION, ETC. (IMPRINT) | |
| Place of publication, distribution, etc | Indianapolis |
| 260 ## - PUBLICATION, DISTRIBUTION, ETC. (IMPRINT) | |
| Name of publisher, distributor, etc | Bobbs-Merrill educational publishing |
| 260 ## - PUBLICATION, DISTRIBUTION, ETC. (IMPRINT) | |
| -- | 1948 |
| 300 ## - PHYSICAL DESCRIPTION | |
| Extent | xv |
| 700 ## - ADDED ENTRY--PERSONAL NAME | |
| Personal name | Church, F. J |
| 942 00 - ADDED ENTRY ELEMENTS (KOHA) | |
| Koha issues (borrowed), all copies | 15 |
| Withdrawn status | Lost status | Source of classification or shelving scheme | Damaged status | Not for loan | Collection code | Home library | Current library | Shelving location | Date acquired | Total Checkouts | Full call number | Barcode | Date last seen | Date checked out | Copy number | Price effective from | Koha item type |
|---|---|---|---|---|---|---|---|---|---|---|---|---|---|---|---|---|---|
| Library of Congress Classification | Main Collection | ARRUPE LIBRARY | ARRUPE LIBRARY | 04/03/2013 | 3 | B365.A5C5 1948 | 46003098052 | 25/09/2018 | 05/12/2017 | 1 | 04/03/2013 | Monograph ( Printed materials) | |||||
| Library of Congress Classification | Main Collection | ARRUPE LIBRARY | ARRUPE LIBRARY | 04/03/2013 | 8 | B365.A5C5 1948 | 46003088105 | 21/08/2019 | 19/08/2019 | 2 | 04/03/2013 | Monograph ( Printed materials) | |||||
| Library of Congress Classification | Main Collection | ARRUPE LIBRARY | ARRUPE LIBRARY | 04/03/2013 | 8 | B365.A5C5 1948 | 46600002116 | 12/11/2018 | 17/10/2018 | 3 | 04/03/2013 | Monograph ( Printed materials) | |||||
| Library of Congress Classification | Main Collection | ARRUPE LIBRARY | ARRUPE LIBRARY | 04/03/2013 | 4 | B365.A5C5 1948 | 46003088223 | 22/01/2018 | 05/12/2017 | 4 | 04/03/2013 | Monograph ( Printed materials) | |||||
| Library of Congress Classification | Main Collection | ARRUPE LIBRARY | ARRUPE LIBRARY | 04/03/2013 | 3 | B365.A5C5 1948 | 46003089407 | 12/11/2018 | 17/10/2018 | 5 | 04/03/2013 | Monograph ( Printed materials) | |||||
| Library of Congress Classification | Main Collection | ARRUPE LIBRARY | ARRUPE LIBRARY | 04/03/2013 | 10 | B365.A5C5 1948 | 46003088109 | 12/11/2018 | 17/10/2018 | 6 | 04/03/2013 | Monograph ( Printed materials) | |||||
| Library of Congress Classification | Main Collection | ARRUPE LIBRARY | ARRUPE LIBRARY | 04/03/2013 | 5 | B365.A5C5 1948 | 46003088042 | 27/08/2018 | 16/08/2018 | 7 | 04/03/2013 | Monograph ( Printed materials) |